[Event "Toronto NAYCC U12"]
[Site "Toronto"]
[Date "2013.08.14"]
[Round "1"]
[White "Mercado, Carlos"]
[Black "Yong, Hoyin"]
[Result "1-0"]
[WhiteElo "1782"]
[BlackElo "1123"]
[PlyCount "35"]
[EventDate "2013.08.14"]
[EventType "swiss"]
[EventRounds "9"]
[EventCountry "CAN"]
[SourceTitle "EXT 2022"]
[Source "ChessBase"]
[SourceDate "2021.10.06"]
[SourceVersion "1"]
[SourceVersionDate "2021.10.06"]
[SourceQuality "1"]

1. e4 e5 2. Nc3 Nf6 3. g3 Nc6 4. Bg2 Be7 5. Nge2 0-0 6. 0-0 d6 7. d3 h6 8. h3 Bd7 9. Be3 Qc8 10. Kh2 Nh7 11. Nd5 Re8 12. Qd2 f5 13. exf5 Bxf5 14. g4 Be6 15. f4 exf4 16. Nexf4 Bxd5 17. Bxd5+ Kh8 18. Ng6# 1-0